Routledge international handbook of participatory design

Saved in:
Bibliographic Details
Main Authors: Simonsen, Jesper (Author), Robertson, Toni (Author)
Format: Book
Language:English
Published: Nueva York Routledge 2013
Edition:1a. ed
Subjects:
Tags: Add Tag
No Tags, Be the first to tag this record!

MARC

LEADER 00000cam a2200000 a 4500
001 UCE2062
003 CL-VaPUC
008 140605e20130000us |||||||||||||||||eng|d
020 |a 9780415720212 
082 0 4 |a 003  |b SIM  |2 21 
100 0 |a Simonsen, Jesper  |e author  |9 574537 
700 0 |a Robertson, Toni  |e author  |9 574538 
245 1 0 |a Routledge international handbook of participatory design 
250 |a 1a. ed 
300 |a 295 p 
942 |c BK 
945 |d 20140605 14:22:00  |a dcastane 
260 |a Nueva York  |b Routledge  |c 2013 
650 0 |a Diseño de sistemas  |9 262363 
650 0 |a Análisis de sistemas   |9 260059 
583 |a last modification  |c 20140605 14:22:00  |k Rodrigo Vera 
999 |c 355739  |d 355737 
952 |0 0  |1 0  |3 erb  |4 0  |6 003_000000000000000_SIM_2013  |7 0  |8 R  |9 462572  |a BIBARQ  |b BIBARQ  |i 5082439  |o 003 SIM 2013  |p 5082439  |r 2025-01-20  |w 2019-11-23  |y BK_R  |z Catalogado en:20140605  |k ARQ